guess the airlines by logo - Statistics

General Stats
  • This quiz has been taken 82 times
    8 since last reset
  • The average score is 11 of 12
Answer Stats
Picture Answer % Correct
air canada
100%
delta
100%
emirates
100%
KLM
100%
lufthansa
100%
qantas
100%
qatar airways
100%
ryanair
100%
aerlingus
86%
air india
86%
etihad
86%
TUI
71%
No matching quizzes found
Score Distribution
Percent of People with Each Score
Percentile by Number Answered
Your Score History
You have not taken this quiz since the last reset